| 000 | 00511nam a2200217Ia 4500 | ||
|---|---|---|---|
| 003 | 0100 | ||
| 008 | 130303s9999 xx 000 0 und d | ||
| 040 | _cARRUPELIB | ||
| 050 | _aBR165.W351963 | ||
| 100 | _aWand, John William Charles | ||
| 245 | 2 | _aA history of the early church to 500 | |
| 250 | _a4th. | ||
| 260 | _aLondon | ||
| 260 | _bMethuen | ||
| 260 | _C1963 | ||
| 300 | _aix | ||
| 300 | _b 300p. 20cm | ||
| 650 | _bAlistotelian ethics | ||
| 700 | _aJohn William Charles Wand | ||
| 942 | 0 | 0 | _01 |
| 999 |
_c42753 _d42753 |
||